People's Linguistic Survey Of India / (Record no. 201043)

MARC details
000 -LEADER
fixed length control field 00668nam a22001817a 4500
005 - DATE AND TIME OF LATEST TRANSACTION
control field 20240313125230.0
010 ## - LCCN (DPL NO)
LC control number ENG-139445
020 ## - INTERNATIONAL STANDARD BOOK NUMBER
Terms of availability 4750.00
International Standard Book Number 9789354422874
035 ## - SYSTEM CONTROL NUMBER
System control number EN-122977
037 ## - SOURCE OF ACQUISITION
Source of stock number/acquisition DBAD/PUB
082 ## - DEWEY DECIMAL CLASSIFICATION NUMBER
Classification number 400
245 ## - TITLE STATEMENT
Title People's Linguistic Survey Of India /
Remainder of title The Languages Of Gujarat Diu & Daman And Dadra & Nagar Haveli
Statement of responsibility, etc Edited by Kanji Patel And G.N. Devy
Medium English
260 ## - PUBLICATION, DISTRIBUTION, ETC. (IMPRINT)
Place of publication, distribution, etc Himayatnagar , Hyderabad
Name of publisher, distributor, etc Orient Blackswan Private Limited
Date of publication, distribution, etc 2022
270 ## - ADDRESS
City Telangana
Address 3-6-752 , Himayatnagar
Postal code 500029
300 ## - PHYSICAL DESCRIPTION
Extent 498p;
Dimensions 25cm(hb)
710 ## - ADDED ENTRY--CORPORATE NAME
Corporate name or jurisdiction name as entry element Roma Chatterjee
Relator term Editor
9 (RLIN) 59600
942 ## - ADDED ENTRY ELEMENTS (KOHA)
Source of classification or shelving scheme Dewey Decimal Classification
Item type English Books
Classification part 400
Call number suffix Peo
Edition 2022
Holdings
Withdrawn status Lost status Not for loan Collection code Home library Current library Date acquired Source of acquisition Cost, normal purchase price Full call number Barcode Copy number Cost, replacement price Koha item type
    Not For Loan Non-fiction Central Library Central Library 26/02/2024 DBAD/PUB 4750.00 400 PEO EN-122977 1 90.00 English Books

© Delhi Public Library
Hit Counter
free hit counter